000 01492nam a2200289 a 4500
001 000008439
003 AM-YEHGA
005 20250618070715.0
008 030130s1975 ai 000 | arm d
040 _aAM-YeHGA
041 0 _aarm
100 1 _aԽաչատրյան, Հայկ Հարությունի,
_d1926-2001
_91592
245 1 0 _aԳրական տեղեկատու :
_bՀայաստանի սովետական գրողների միության անդամներ 1934-1974 /
_cԿազմ. և առաջաբ.՝ Հ.Հ. Խաչատրյան ; Խմբ.՝ Ս.Ա. Վարդանյան ; Հայաստանի սովետ. գրողների միութ.
260 _aԵրևան :
_bՀայաստան,
_c1975.
300 _a817 էջ :
_bդիմանկ. ;
_c212 սմ.
504 _aՑուցակ ՀԳՄ մահացած անդամների, էջ՝ 782-784
504 _aՈւրիշ կազմակերպություններ փոխադրված ՀԳՄ անդամների ցուցակ, էջ՝ 785
504 _aՀԳՄ անդամների ցուցակ` 1975-ի հուլիսի 1, էջ՝ 786-807
650 1 4 _aՀայ գրականագիտություն
_94862
650 1 4 _aՏեղեկատու
653 0 _aՀայ գրողներ
700 1 _aԽաչատրյան, Հայկ Հարությունի,
_d1926-2001
_eկազմ.
_4com
_eառաջաբ.
_4aui
_91592
700 1 _aՎարդանյան, Ս.Ա.
_eխմբ.
_4edt
710 2 _aՀայաստանի սովետական գրողների միություն
942 _cBK
090 _c2111
999 _c2091
_d2091